000 00581nam a2200193Ia 4500
008 151119s9999||||xx |||||||||||||| ||und||
082 _a891.46308नागपु/भास
082 _bGKKV32799
100 _aनागपुरे रमेश
245 _aभास आभास
260 _aठाणे
260 _bरेवा प्रकाशन
260 _c2013
600 _aनागपुरे रमेश
630 _aभास आभास
700 _aनागपुरे रमेश
730 _aभास आभास
942 _cBOOK
999 _c1085100
_d1085097